00346nam a2200133Ia 4500008004100000020002200041041001200063100001600075245006400091250000900155260003100164300000900195650000800204221220s9999 xx 000 0 und d a978-93-9121-112-7 aEnglish aD. F. Mulla 4aThe Code of Civil Procedure Vol. 3 20 th Edcby D. F. Mulla a20th bLexis NexisaHaryanac2022 a4711 aLaw